000 00424nam a2200181Ia 4500
001 23041
003 IN-NITTTR
005 20251114233259.0
008 251113s9999||||xx |||||||||||||| ||eng||
040 _beng
040 _cIN-NITTTR
041 _aeng
082 _a006.66 R11I
100 _aRaker, Daniel
245 0 _aInside  AutoCad. /
_cRaker, Daniel, Rice, Harbert
700 _a Rice, Harbert
942 _2ddc
_cBK
999 _c25670
_d25670